| 000 | 00787nam a22002537a 4500 | ||
|---|---|---|---|
| 999 |
_c15841 _d15841 |
||
| 003 | AR-CdUCM | ||
| 008 | 190430b ||||| |||| 00| 0 spa d | ||
| 020 | _a978-84-9825-988-9 | ||
| 040 |
_aMUNICIPALIDAD PROVINCIAL DEL CUSCO _cBIBLIOTECA MUNICIPAL DEL CUSCO |
||
| 082 |
_aPI / 376.1 / _bN29 |
||
| 100 |
_aNavarro, Ángels _926797 |
||
| 245 | _a¡Bienvenido Verano! / | ||
| 260 |
_aBarcelona : _bCombel, _c2015. |
||
| 300 |
_bIlustraciones, graficos, dibujos, _c23 cm. |
||
| 500 | _aCuaderno de trabajo para niños | ||
| 650 |
_aTexto educativo _925832 |
||
| 650 |
_aLiteratura _983 |
||
| 650 |
_aTexto de ayuda _928504 |
||
| 650 |
_aVerano _935040 |
||
| 700 |
_aQueralt, Carmen _935039 |
||
| 856 | _fwww.combeleditorial.com | ||
| 942 |
_2ddc _cLIBROS |
||
| 945 |
_apjha _d2019-04-30 |
||